LOTR: Characters by Hint medium - Statistics

General Stats
  • This quiz has been taken 40 times
  • The average score is 7 of 9
Answer Stats
Hint Answer % Correct
Boromir's brother Faramir
100%
Arwen's father, and ruler of Rivendell Elrond
95%
Boromir and his brother's father Denethor ll
92%
Female co-ruler of Lothlorien Galadriel
89%
Gollum's brother who he killed Deagol
86%
Ent who helps Pippin and Merry Treebeard
86%
Eowyn's brother Eomer
84%
Spider who attacked Frodo Shelob
84%
A wizened figure of a man Grima Wormtongue
8%
No matching quizzes found
Score Distribution
Percent of People with Each Score
Percentile by Number Answered
Your Score History
You have not taken this quiz